01029cam a2200313 a 45000010008000000030005000080050017000130080041000300100017000710200025000880200025001130380011001380400018001490500026001670820015001931000026002082450126002342600068003603000036004285040060004645630008005246500028005326500023005606500026005836500023006096500027006326500032006597400024006914836598NUST20220519155730.0901226s1991 nyua b 001 0 eng  a 90056412  a0814450148 :c$22.95 z9780814415528qebook aArshad aDLCcDLCdDLC00aHF5549.5.M5bT46 199100a658.3bTHO1 aThomas, R. Roosevelt.10aBeyond race and gender :bunleashing the power of your total work force by managing diversity /cR. Roosevelt Thomas, Jr. aNew York, NY :bAMACOM, American Management Association,c1991. axviii, 189 p. :bill. ;c24 cm. aIncludes bibliographical references (p. 183) and index. aHBK 0aMinoritiesxEmployment. 0aWomenxEmployment. 0aPersonnel management. 0aCorporate culture. 0aOrganizational change. 0aDiversity in the workplace.0 aManaging diversity.